000 00352pab a2200145 454500
008 180718b1989 xxu||||| |||| 00| 0 eng d
100 _aLorentzen, Paul
245 _aFederal executive associations
_bInto the 1990s
260 _c1989
300 _a23-8
362 _aSpring
650 _aCivil Service - U.S.A.
773 _aBureaucrat
909 _a5860
999 _c5860
_d5860